00881nam a2200229 i 4500001000700000003000900007005001700016008004100033100003100074240003100105245011900136250001900255260008300274300002700357490002900384490004300413700006500456700001900521830002900540830004300569852003900612159695ES-MaACL20250807123458.0040916s1871 fr |||| | fre d1 aMilton, John (d1608-1674)10aParadise lost. lFrancés13aLe paradis perdu de Milton / ctraduction de F. de Chateaubriand ; [p]récédée d'une étude de John Lemoine. aNouvelle éd. aParis : bMichel Lévy Frères, c1871 (eClichy : fImp. Paul Dupont et C.) a335, [2] p. ; c18 cm.1 aCollection Michel Lévy1 aOeuvres choisies de F. de Chateubriand1 aChateaubriand, François-René, cvicomte de, d1768-18481 aLemoine, John.10aCollection Michel Lévy1 aOeuvres choisies de F. de Chateubriand aES-MaACLjG-10116 z- Enc. hol.